000 00731nam a2200277Ia 4500
001 3328
005 20240113233623.0
007 ta
008 050427s2000 a g b000 u eng u
020 _a81-7371-276X
040 _aCotton College
041 _aeng
082 _a530
_bFi 55 Sr
100 _aFitch, VAl.L .
245 0 _aCritical Problems In Physics /
_cVal.L.Fitch etl.
_hTextual Documents
250 _a1st ed. /
260 _aHyderabad :
_bUniversities Press ,
_c2000.
300 _a308 p. :
_bill ;
_c23 cm. .
653 _aProblems in Physics
700 _aMarlow, Daniel.R. .
700 _aDementi, Margit.A.E. .
942 _2ddc
_cBK
999 _c3316
_d3316